[Event "Rowy op 09"]
[Site "Rowy"]
[Date "2012.09.??"]
[Round "6"]
[White "Krawcewicz, Lucyna"]
[Black "Staruch, Roman"]
[Result "1-0"]
[WhiteElo "1948"]
[BlackElo "1957"]
[PlyCount "88"]
[EventDate "2012.09.??"]
[EventType "swiss"]
[EventRounds "9"]
[EventCountry "POL"]
[SourceTitle "EXT 2014"]
[Source "ChessBase"]
[SourceDate "2013.11.20"]
[SourceVersion "1"]
[SourceVersionDate "2013.11.20"]
[SourceQuality "1"]

1. d4 Nf6 2. c4 e6 3. Nf3 Be7 4. Nc3 d5 5. e3 0-0 6. Bd3 dxc4 7. Bxc4 c5 8. 0-0 cxd4 9. exd4 Qc7 10. Qe2 Nc6 11. h3 Bd7 12. a3 Rac8 13. d5 exd5 14. Bxd5 Bc5 15. Bg5 Nxd5 16. Nxd5 Qb8 17. Bf4 Bd6 18. Bxd6 Qxd6 19. Rfd1 Rcd8 20. Qe4 Qg6 21. Qh4 Be6 22. Ne5 Qc2 23. Nxc6 bxc6 24. Ne7+ Kh8 25. Rxd8 Rxd8 26. Ng6+ fxg6 27. Qxd8+ Bg8 28. Qd4 Bd5 29. Re1 h5 30. Re7 Qc1+ 31. Kh2 Qh6 32. Rxa7 g5 33. Ra8+ Kh7 34. Qd3+ g6 35. Ra7+ Kg8 36. Ra8+ Kf7 37. Qe3 h4 38. Qe8+ Kf6 39. Qf8+ Qxf8 40. Rxf8+ Ke5 41. b4 Kd4 42. a4 Kc4 43. Rb8 c5 44. bxc5 Kxc5 1-0

[Event "Rowy op 09"]
[Site "Rowy"]
[Date "2012.09.??"]
[Round "9"]
[White "Najdzionek, Boleslaw"]
[Black "Krawcewicz, Lucyna"]
[Result "1/2-1/2"]
[WhiteElo "1921"]
[BlackElo "1948"]
[PlyCount "20"]
[EventDate "2012.09.??"]
[EventType "swiss"]
[EventRounds "9"]
[EventCountry "POL"]
[SourceTitle "EXT 2014"]
[Source "ChessBase"]
[SourceDate "2013.11.20"]
[SourceVersion "1"]
[SourceVersionDate "2013.11.20"]
[SourceQuality "1"]

1. d4 d5 2. c4 e6 3. e3 Nf6 4. Nf3 c5 5. cxd5 exd5 6. Nc3 a6 7. Be2 b5 8. a3 Nc6 9. dxc5 Bxc5 10. 0-0 0-0 1/2-1/2

[Event "Rowy Seniors-ch 15th"]
[Site "Rowy"]
[Date "2009.09.12"]
[Round "5"]
[White "Olejarczyk, Bogdan"]
[Black "Krawcewicz, Lucyna"]
[Result "1-0"]
[WhiteElo "2143"]
[BlackElo "1966"]
[PlyCount "115"]
[EventDate "2009.09.08"]
[EventType "swiss"]
[EventRounds "9"]
[EventCountry "POL"]
[SourceTitle "EXT 2010"]
[Source "ChessBase"]
[SourceDate "2010.11.25"]
[SourceVersion "1"]
[SourceVersionDate "2010.11.25"]
[SourceQuality "1"]

1. d4 Nf6 2. Nf3 e6 3. Bf4 c5 4. e3 Nc6 5. c3 d5 6. Nbd2 a6 7. Bd3 b5 8. 0-0 Bb7 9. Re1 Nh5 10. Bg5 Be7 11. Bxe7 Qxe7 12. dxc5 Qxc5 13. Nd4 Nf6 14. a3 0-0 15. Nxc6 Qxc6 16. Qf3 Rad8 17. Rad1 e5 18. Bb1 e4 19. Qg3 g6 20. Nb3 Nh5 21. Qe5 Qb6 22. Qd4 Qxd4 23. Rxd4 Bc6 24. Red1 f5 25. Nc5 Ra8 26. Ba2 Nf6 27. Ne6 Rf7 28. Nf4 Kg7 29. Nxd5 Rd7 30. Nxf6 Rxd4 31. Nh5+ Kh6 32. Rxd4 Kxh5 33. Rd6 Rc8 34. Kf1 Rc7 35. Ke2 a5 36. Kd2 Kg5 37. Bb3 a4 38. Ba2 Rd7 39. Rxd7 Bxd7 40. Bd5 Kf6 41. c4 Ke5 42. Kc3 g5 43. g3 h5 44. Kb4 h4 45. Bf7 bxc4 46. Bxc4 hxg3 47. hxg3 f4 48. gxf4+ gxf4 49. b3 axb3 50. Bxb3 Bc6 51. Kc5 Bb7 52. a4 Kf5 53. Bd5 Ba6 54. Kd4 Bd3 55. a5 fxe3 56. fxe3 Kf6 57. Bb7 Ke7 58. a6 1-0

[Event "Rowy Seniors-ch 15th"]
[Site "Rowy"]
[Date "2009.09.10"]
[Round "3"]
[White "Krawczyk, Zbigniew"]
[Black "Krawcewicz, Lucyna"]
[Result "0-1"]
[WhiteElo "1757"]
[BlackElo "1966"]
[PlyCount "96"]
[EventDate "2009.09.08"]
[EventType "swiss"]
[EventRounds "9"]
[EventCountry "POL"]
[SourceTitle "EXT 2010"]
[Source "ChessBase"]
[SourceDate "2010.11.25"]
[SourceVersion "1"]
[SourceVersionDate "2010.11.25"]
[SourceQuality "1"]

1. d4 d5 2. c4 e6 3. Nc3 c6 4. Nf3 dxc4 5. a4 Bb4 6. Bd2 Nf6 7. e3 Bxc3 8. Bxc3 b5 9. axb5 cxb5 10. b3 Nd5 11. Qc2 b4 12. Bxb4 Nxb4 13. Qxc4 a5 14. Kd2 0-0 15. Be2 Ba6 16. Qc5 Bxe2 17. Kxe2 Qd5 18. Qxd5 Nxd5 19. Rhc1 Nb4 20. Ne5 f6 21. Nd3 Nxd3 22. Kxd3 Nd7 23. Rc7 Rfd8 24. Ke4 Kf8 25. b4 a4 26. b5 f5+ 27. Kf3 g5 28. h3 h5 29. g3 a3 30. g4 hxg4+ 31. hxg4 a2 32. gxf5 exf5 33. Rc2 Rdb8 34. Raxa2 Rxa2 35. Rxa2 Rxb5 36. Ra8+ Kf7 37. Ra6 Nf6 38. Rc6 Rb2 39. Ra6 Ne4 40. Ra7+ Kg6 41. Kg2 Rxf2+ 42. Kg1 Re2 43. Ra3 Kh5 44. d5 Rd2 45. Ra5 Kg4 46. Kf1 Kf3 47. Ke1 Kxe3 48. d6 Kf4 0-1

[Event "Rowy Seniors-ch 15th"]
[Site "Rowy"]
[Date "2009.09.09"]
[Round "2"]
[White "Krawcewicz, Lucyna"]
[Black "Szczepaniec, Stanislaw"]
[Result "0-1"]
[WhiteElo "1966"]
[BlackElo "2104"]
[PlyCount "82"]
[EventDate "2009.09.08"]
[EventType "swiss"]
[EventRounds "9"]
[EventCountry "POL"]
[SourceTitle "EXT 2010"]
[Source "ChessBase"]
[SourceDate "2010.11.25"]
[SourceVersion "1"]
[SourceVersionDate "2010.11.25"]
[SourceQuality "1"]

1. d4 f5 2. e4 fxe4 3. Nc3 Nf6 4. Bg5 Nc6 5. Bb5 a6 6. Bxc6 bxc6 7. d5 Bb7 8. Bxf6 exf6 9. Nxe4 Qe7 10. Qe2 cxd5 11. Nd2 Kf7 12. Qxe7+ Bxe7 13. Ngf3 c5 14. 0-0 Bd6 15. Rad1 Rhe8 16. Rfe1 Rxe1+ 17. Nxe1 Re8 18. g3 a5 19. c4 d4 20. Nd3 a4 21. b3 Bf8 22. Kf1 g5 23. bxa4 Bc6 24. Nb2 Ra8 25. Ra1 g4 26. Ke2 d6 27. f4 gxf3+ 28. Nxf3 Re8+ 29. Kf2 Rb8 30. Nd3 Bxa4 31. Nfe1 Bh6 32. h4 Be3+ 33. Kg2 h5 34. Kf3 f5 35. Nf4 Bc6+ 36. Nd5 Rb2 37. Nd3 Rd2 38. g4 hxg4+ 39. Kg3 Rxd3 40. Nxe3 Rxe3+ 41. Kf4 Kf6 0-1

[Event "POL-ch disabled"]
[Site "Rowy"]
[Date "2009.09.06"]
[Round "8.18"]
[White "Krawcewicz, Lucyna"]
[Black "Dulinski, Stanislaw"]
[Result "1-0"]
[WhiteElo "1966"]
[BlackElo "1807"]
[PlyCount "65"]
[EventDate "2009.09.01"]
[EventType "swiss"]
[EventRounds "9"]
[EventCountry "POL"]
[SourceTitle "EXT 2023"]
[Source "ChessBase"]
[SourceDate "2022.10.05"]
[SourceVersion "1"]
[SourceVersionDate "2022.10.05"]
[SourceQuality "1"]

1. d4 d5 2. Nf3 Nf6 3. c4 c6 4. Nc3 Bg4 5. e3 e6 6. Be2 Nbd7 7. cxd5 exd5 8. h3 Bh5 9. 0-0 Bd6 10. g4 Bg6 11. Nh4 Ne4 12. Ng2 f5 13. f4 Ng3 14. Rf2 Nxe2+ 15. Nxe2 h5 16. Qc2 h4 17. g5 Qe7 18. a3 Nb6 19. b3 Nd7 20. Nc3 Nf8 21. b4 Nd7 22. b5 Rc8 23. Qb3 Bf7 24. bxc6 bxc6 25. Rc2 Nb6 26. Rb1 Kf8 27. a4 Rb8 28. Qa2 Qc7 29. Nb5 Qd7 30. Nxd6 Bh5 31. a5 Bd1 32. Rd2 Bf3 33. axb6 1-0

[Event "POL-ch disabled"]
[Site "Rowy"]
[Date "2009.09.02"]
[Round "3.15"]
[White "Galka, Kazimierz"]
[Black "Krawcewicz, Lucyna"]
[Result "1-0"]
[WhiteElo "1820"]
[BlackElo "1966"]
[PlyCount "61"]
[EventDate "2009.09.01"]
[EventType "swiss"]
[EventRounds "9"]
[EventCountry "POL"]
[SourceTitle "EXT 2023"]
[Source "ChessBase"]
[SourceDate "2022.10.05"]
[SourceVersion "1"]
[SourceVersionDate "2022.10.05"]
[SourceQuality "1"]

1. e4 c5 2. Nf3 e6 3. d4 cxd4 4. Nxd4 Nf6 5. Nc3 Bb4 6. Bd3 Bxc3+ 7. bxc3 0-0 8. 0-0 d6 9. Ba3 e5 10. Nb5 Ne8 11. Be2 a6 12. Nxd6 Nxd6 13. Qxd6 Qxd6 14. Bxd6 Re8 15. Rab1 Nc6 16. a4 g6 17. Bd3 Kg7 18. c4 f5 19. f4 fxe4 20. Bxe4 exf4 21. Bxc6 bxc6 22. Rxf4 Ra7 23. Rff1 Bf5 24. Rf2 Re4 25. h3 Rxc4 26. g4 Bxg4 27. Bf8+ Kg8 28. hxg4 Rxg4+ 29. Kh2 h5 30. Rb6 a5 31. Bd6 1-0

[Event "POL-ch Seniors 18th"]
[Site "Rowy"]
[Date "2007.09.15"]
[Round "8.5"]
[White "Krawcewicz, Lucyna"]
[Black "Kawula, Andrzej"]
[Result "1/2-1/2"]
[WhiteElo "1984"]
[BlackElo "2091"]
[PlyCount "64"]
[EventDate "2007.09.09"]
[EventType "swiss"]
[EventRounds "9"]
[EventCountry "POL"]
[SourceTitle "EXT 2023"]
[Source "ChessBase"]
[SourceDate "2022.10.05"]
[SourceVersion "1"]
[SourceVersionDate "2022.10.05"]
[SourceQuality "1"]

1. d4 e6 2. Nf3 f5 3. c4 Nf6 4. Nc3 Be7 5. e3 0-0 6. Bd3 d5 7. 0-0 c6 8. Ne5 Ne4 9. f3 Nd6 10. c5 Nf7 11. f4 Nd7 12. b4 Nf6 13. Qc2 Bd7 14. a4 b6 15. a5 bxc5 16. bxc5 Rb8 17. Bd2 Qc7 18. Rfb1 Nxe5 19. fxe5 Ne4 20. Nxe4 fxe4 21. Be2 Bg5 22. g3 g6 23. a6 h5 24. Rxb8 Rxb8 25. Rb1 Kg7 26. Rb3 Rxb3 27. Qxb3 Bd8 28. Kg2 Be8 29. Qb4 Kh6 30. h4 Bd7 31. Qb7 Bc8 32. Qxc7 Bxc7 1/2-1/2

[Event "POL-ch disabled"]
[Site "Chotowa"]
[Date "2007.05.27"]
[Round "2.4"]
[White "Strzelecki, Jerzy"]
[Black "Krawcewicz, Lucyna"]
[Result "1-0"]
[WhiteElo "2138"]
[BlackElo "1981"]
[PlyCount "71"]
[EventDate "2007.05.26"]
[EventType "swiss"]
[EventRounds "9"]
[EventCountry "POL"]
[SourceTitle "EXT 2023"]
[Source "ChessBase"]
[SourceDate "2022.10.05"]
[SourceVersion "1"]
[SourceVersionDate "2022.10.05"]
[SourceQuality "1"]

1. c4 e6 2. Nf3 d5 3. d4 Nf6 4. Nc3 Be7 5. Bg5 0-0 6. e3 b6 7. Rb1 h6 8. Bh4 Bb7 9. b4 a5 10. Bxf6 Bxf6 11. b5 Nd7 12. cxd5 exd5 13. Qb3 Be7 14. Bd3 Nf6 15. 0-0 Re8 16. Ne5 Bd6 17. f4 Qe7 18. Rbe1 Rad8 19. Bb1 Bb4 20. Re2 Qd6 21. Qc2 c5 22. bxc6 Ba6 23. Rff2 Bxe2 24. Rxe2 Re7 25. Nb5 Qe6 26. c7 Rc8 27. f5 Rexc7 28. fxe6 Rxc2 29. exf7+ Kf8 30. Rxc2 Rxc2 31. Bxc2 Ke7 32. Kf2 Nd7 33. Nxd7 Kxd7 34. Bb3 Kc6 35. a4 Bf8 36. Kf3 1-0

[Event "Brandenburg Seniors op 15th"]
[Site "Rowy"]
[Date "2006.06.24"]
[Round "5"]
[White "Krawcewicz, Lucyna"]
[Black "Janocha, Jan"]
[Result "1-0"]
[WhiteElo "1915"]
[BlackElo "1792"]
[PlyCount "93"]
[EventDate "2006.06.19"]
[EventType "swiss"]
[EventRounds "9"]
[EventCountry "POL"]
[SourceTitle "EXT 2007"]
[Source "ChessBase"]
[SourceDate "2006.11.23"]
[SourceVersion "1"]
[SourceVersionDate "2006.11.23"]
[SourceQuality "1"]

1. d4 d5 2. Nf3 Nf6 3. c4 e6 4. Nc3 c5 5. e3 dxc4 6. Bxc4 a6 7. 0-0 b5 8. Bb3 Bb7 9. Qe2 Nbd7 10. Rd1 c4 11. Bc2 Qc7 12. h3 Bb4 13. e4 0-0 14. Bg5 Be7 15. e5 b4 16. exf6 gxf6 17. Bh6 bxc3 18. Bxf8 cxb2 19. Rab1 Nxf8 20. Rxb2 Bd5 21. Be4 Ba3 22. Rc2 Rb8 23. Nd2 f5 24. Bf3 Rc8 25. Qe3 Bb4 26. Bxd5 exd5 27. Qg5+ Ng6 28. Qxf5 Rd8 29. Nf3 Qd6 30. h4 Qf4 31. Qh5 f6 32. Re2 c3 33. g3 Qc7 34. Qg4 Qd7 35. Qh5 Qa4 36. Rc1 Bd6 37. Qxd5+ Kg7 38. Rxc3 Qb4 39. Qb3 a5 40. Qc2 Qb8 41. Rb3 Qa8 42. Qe4 a4 43. Rb7+ Kf8 44. h5 Ne7 45. Rxe7 Bxe7 46. Qxe7+ Kg8 47. h6 1-0

[Event "Brandenburg Seniors op 15th"]
[Site "Rowy"]
[Date "2006.06.21"]
[Round "3"]
[White "Krawcewicz, Lucyna"]
[Black "Matthies, Wolfgang"]
[Result "0-1"]
[WhiteElo "1915"]
[BlackElo "1662"]
[PlyCount "48"]
[EventDate "2006.06.19"]
[EventType "swiss"]
[EventRounds "9"]
[EventCountry "POL"]
[SourceTitle "EXT 2007"]
[Source "ChessBase"]
[SourceDate "2006.11.23"]
[SourceVersion "1"]
[SourceVersionDate "2006.11.23"]
[SourceQuality "1"]

1. d4 Nf6 2. c4 g6 3. Nc3 Bg7 4. e4 d6 5. Nge2 0-0 6. f3 Nbd7 7. Be3 e5 8. Qd2 c6 9. Rd1 Nh5 10. g4 Nhf6 11. h4 Qc7 12. h5 d5 13. cxd5 cxd5 14. exd5 Qd6 15. dxe5 Nxe5 16. Ng1 Bxg4 17. fxg4 Nfxg4 18. Bf4 Qb4 19. h6 Rfe8 20. Be2 Bf8 21. a3 Qb6 22. Nh3 Nxh6 23. Rf1 Be7 24. Bxh6 Bh4+ 0-1

[Event "Rowy Jantar op"]
[Site "Rowy"]
[Date "2005.06.26"]
[Round "6"]
[White "Krawcewicz, Lucyna"]
[Black "Lewandowitz, Detlef"]
[Result "1-0"]
[WhiteElo "2065"]
[BlackElo "1827"]
[PlyCount "105"]
[EventDate "2005.06.20"]
[EventType "swiss"]
[EventRounds "9"]
[EventCountry "POL"]
[SourceTitle "EXT 2007"]
[Source "ChessBase"]
[SourceDate "2006.11.23"]
[SourceVersion "1"]
[SourceVersionDate "2006.11.23"]
[SourceQuality "1"]

1. d4 Nf6 2. Nf3 g6 3. c4 Bg7 4. Nc3 0-0 5. e4 d6 6. Bg5 c5 7. d5 Nbd7 8. Qd2 Ng4 9. h3 Nge5 10. Be2 a6 11. 0-0 Nxf3+ 12. Bxf3 Re8 13. Rfe1 Rb8 14. Be2 Nf8 15. h4 Bd7 16. a4 h5 17. Qd3 Nh7 18. Bf4 Nf6 19. e5 Bf5 20. Qg3 dxe5 21. Bxe5 Rc8 22. Bf3 Qb6 23. Nd1 Bg4 24. Ne3 Bxf3 25. Qxf3 Nd7 26. Bxg7 Kxg7 27. Nd1 Qb4 28. Qc3+ Qxc3 29. Nxc3 Rcd8 30. Re3 Nf6 31. Rae1 Kf8 32. f3 Rd6 33. a5 b6 34. axb6 Rxb6 35. Na4 Rb4 36. b3 Nd7 37. Kh2 a5 38. Kg3 Rb7 39. R1e2 Rbb8 40. Kf4 Rbc8 41. Nc3 Nf6 42. Nb5 Ng8 43. Ra2 Nh6 44. g4 hxg4 45. fxg4 f6 46. Rxa5 Ra8 47. Rxa8 Rxa8 48. Nc7 Ra1 49. Ne6+ Kf7 50. Nxc5 Rf1+ 51. Rf3 g5+ 52. hxg5 fxg5+ 53. Kg3+ 1-0

[Event "Wch Seniors (Women) 14th"]
[Site "Halle"]
[Date "2004.10.24"]
[Round "1"]
[White "Krawcewicz, Lucyna"]
[Black "Abdikasova, Panu"]
[Result "0-1"]
[WhiteElo "2073"]
[BlackElo "2037"]
[PlyCount "128"]
[EventDate "2004.10.24"]
[EventType "swiss"]
[EventRounds "9"]
[EventCountry "GER"]
[SourceTitle "EXT 2006"]
[Source "ChessBase"]
[SourceDate "2005.11.24"]
[SourceVersion "1"]
[SourceVersionDate "2005.11.24"]
[SourceQuality "1"]

1. d4 g6 2. e4 d6 3. Nc3 Bg7 4. Be3 Nf6 5. f3 Nbd7 6. Nh3 c6 7. Nf2 0-0 8. Be2 e5 9. dxe5 dxe5 10. 0-0 Nb6 11. Qc1 Be6 12. Bc5 Re8 13. Rd1 Nfd7 14. a4 Qf6 15. Be3 Qe7 16. a5 Nc4 17. Bxc4 Bxc4 18. b3 Be6 19. Na4 Red8 20. Nd3 f6 21. Rd2 Qf8 22. Qe1 Bh6 23. Rad1 Bxe3+ 24. Qxe3 Qe7 25. Ndc5 Nxc5 26. Qxc5 Qc7 27. Kf2 Rxd2+ 28. Rxd2 Rd8 29. Ke2 Rxd2+ 30. Kxd2 Qd7+ 31. Ke2 a6 32. Qb6 Qe7 33. Qa7 Qb4 34. Qc5 Qb5+ 35. Qxb5 axb5 36. Nc5 Bc8 37. Kd3 Kf7 38. Kc3 Ke7 39. Kb4 Kd6 40. c4 bxc4 41. Kxc4 Kc7 42. Na4 Be6+ 43. Kc3 Kd6 44. b4 Kc7 45. Nc5 Bc8 46. Kc4 h5 47. g3 g5 48. Nd3 b6 49. axb6+ Kxb6 50. Nc5 f5 51. Na4+ Kc7 52. Kc5 fxe4 53. fxe4 Bh3 54. Nb2 Bf1 55. Nd1 Bd3 56. Nc3 Kd7 57. h3 h4 58. gxh4 gxh4 59. Nd1 Bxe4 60. Nf2 Bf5 61. Kc4 Kd6 62. Kc3 Kd5 63. Kd2 Kd4 64. Ke2 e4 0-1

[Event "Brandenburg Seniors op 13th"]
[Site "Rowy"]
[Date "2004.06.30"]
[Round "9"]
[White "Krawcewicz, Lucyna"]
[Black "Galicki, Ryszard"]
[Result "0-1"]
[WhiteElo "2076"]
[BlackElo "2018"]
[PlyCount "37"]
[EventDate "2004.06.21"]
[EventType "swiss"]
[EventRounds "9"]
[EventCountry "POL"]
[SourceTitle "EXT 2006"]
[Source "ChessBase"]
[SourceDate "2005.11.24"]
[SourceVersion "1"]
[SourceVersionDate "2005.11.24"]
[SourceQuality "1"]

1. d4 d5 2. c4 Nc6 3. Nf3 Bg4 4. e3 e5 5. dxe5 d4 6. a3 Bxf3 7. Qxf3 a5 8. Qe4 Bc5 9. Bd3 Qe7 10. 0-0 0-0-0 11. f4 Kb8 12. Kh1 Nh6 13. Bd2 f5 14. exf6 Qxf6 15. exd4 Nxd4 16. Bc3 a4 17. Nd2 Rhe8 18. Qxh7 Ng4 19. h3 0-1

[Event "Brandenburg Seniors op 13th"]
[Site "Rowy"]
[Date "2004.06.28"]
[Round "7"]
[White "Krawcewicz, Lucyna"]
[Black "Zarow, Zdzislaw"]
[Result "1-0"]
[WhiteElo "2076"]
[BlackElo "1960"]
[PlyCount "111"]
[EventDate "2004.06.21"]
[EventType "swiss"]
[EventRounds "9"]
[EventCountry "POL"]
[SourceTitle "EXT 2006"]
[Source "ChessBase"]
[SourceDate "2005.11.24"]
[SourceVersion "1"]
[SourceVersionDate "2005.11.24"]
[SourceQuality "1"]

1. d4 d5 2. Nf3 e6 3. c4 c5 4. e3 dxc4 5. Bxc4 Nc6 6. 0-0 Nf6 7. Nc3 a6 8. a4 b6 9. Ba2 Bb7 10. h3 Bd6 11. d5 exd5 12. Nxd5 Ne5 13. e4 0-0 14. Bg5 Bxd5 15. Bxd5 Ra7 16. Qb3 h6 17. Bh4 Ng6 18. Bg3 Qc7 19. Bxd6 Qxd6 20. Rad1 Qb8 21. Rfe1 Nxd5 22. Qxd5 Nf4 23. Qd6 Qxd6 24. Rxd6 b5 25. axb5 axb5 26. Red1 Re8 27. e5 b4 28. Rc6 Ne6 29. Rd2 Rc7 30. Rb6 g6 31. g3 g5 32. Rdd6 h5 33. Nd2 Nd4 34. Rd5 Kg7 35. Kg2 Re6 36. Nc4 Rxb6 37. Nxb6 Ne6 38. Nc4 Kg6 39. Kf3 Re7 40. Ke3 Ra7 41. f4 Ra1 42. Ke4 Re1+ 43. Ne3 gxf4 44. gxf4 Kg7 45. h4 c4 46. f5 c3 47. bxc3 bxc3 48. fxe6 c2 49. Rc5 c1Q 50. Rxc1 Rxc1 51. e7 Rc8 52. Kf5 Re8 53. Nd5 Rc8 54. Nf6 Rc1 55. e8Q Rf1+ 56. Ke4 1-0

[Event "Rowy Seniors op 7th"]
[Site "Rowy"]
[Date "2003.09.08"]
[Round "9"]
[White "Wilczewski, Piotr"]
[Black "Krawcewicz, Lucyna"]
[Result "0-1"]
[WhiteElo "2040"]
[BlackElo "2051"]
[PlyCount "114"]
[EventDate "2003.08.??"]
[EventType "swiss"]
[EventRounds "9"]
[EventCountry "POL"]
[SourceTitle "EXT 2006"]
[Source "ChessBase"]
[SourceDate "2005.11.24"]
[SourceVersion "1"]
[SourceVersionDate "2005.11.24"]
[SourceQuality "1"]

1. e4 e6 2. d4 d5 3. Bd3 Bd7 4. Be3 dxe4 5. Bxe4 Bc6 6. Bf3 Nf6 7. c3 Be7 8. Nd2 0-0 9. Qc2 a5 10. Bg5 b5 11. Ne4 Nxe4 12. Bxe7 Qxe7 13. Bxe4 Bxe4 14. Qxe4 Nd7 15. Nf3 c5 16. 0-0 b4 17. c4 cxd4 18. Qxd4 Rfd8 19. Rad1 Nc5 20. Qe3 Na4 21. Qb3 Qe8 22. Nd4 Rac8 23. Qc2 g6 24. Ne2 Nc5 25. b3 f5 26. f3 e5 27. Rxd8 Rxd8 28. Rd1 Rxd1+ 29. Qxd1 Qd7 30. Qxd7 Nxd7 31. Kf2 Kf7 32. Ke3 f4+ 33. Kd2 Nc5 34. g3 g5 35. gxf4 gxf4 36. Nc1 Kf6 37. Nd3 Ne6 38. Ke2 Kf5 39. Kf2 e4 40. fxe4+ Kxe4 41. Nc1 Nc5 42. Ne2 Nd3+ 43. Kf1 Ke3 44. h4 h6 45. h5 Nc5 46. Ng1 Ne4 47. Kg2 Nc3 48. Nf3 a4 49. bxa4 Nxa4 50. Ne5 Ke2 51. Nf3 Nc3 52. Nd4+ Ke3 53. Nf5+ Ke4 54. Nxh6 f3+ 55. Kf2 Kf4 56. Nf7 Ne4+ 57. Ke1 f2+ 0-1

[Event "Rowy Seniors op 7th"]
[Site "Rowy"]
[Date "2003.08.31"]
[Round "1"]
[White "Bubka, Stanislaw"]
[Black "Krawcewicz, Lucyna"]
[Result "0-1"]
[WhiteElo "1800"]
[BlackElo "2051"]
[PlyCount "62"]
[EventDate "2003.08.??"]
[EventType "swiss"]
[EventRounds "9"]
[EventCountry "POL"]
[SourceTitle "EXT 2006"]
[Source "ChessBase"]
[SourceDate "2005.11.24"]
[SourceVersion "1"]
[SourceVersionDate "2005.11.24"]
[SourceQuality "1"]

1. e4 c5 2. f4 Nc6 3. Nf3 d6 4. Be2 Nf6 5. Nc3 a6 6. 0-0 g6 7. b3 Bg7 8. Rb1 0-0 9. Bb2 b5 10. a4 b4 11. Na2 Nxe4 12. Bxg7 Kxg7 13. d4 Bb7 14. Qd3 f5 15. Rbd1 Qb6 16. Qc4 a5 17. dxc5 Nxc5 18. Qb5 Qc7 19. Nd4 Nxd4 20. Qc4 Nxe2+ 21. Qxe2 Ba6 22. Qd2 Bxf1 23. Qd4+ Rf6 24. Kxf1 Ne4 25. g4 e5 26. fxe5 dxe5 27. Qd7+ Qxd7 28. Rxd7+ Rf7 29. Rxf7+ Kxf7 30. gxf5 gxf5 31. Ke2 Rd8 0-1

[Event "Golden Rook op (Women)"]
[Site "Chotowa"]
[Date "2003.05.13"]
[Round "8"]
[White "Olender, Joanna"]
[Black "Krawcewicz, Lucyna"]
[Result "1/2-1/2"]
[WhiteElo "1600"]
[BlackElo "1600"]
[PlyCount "21"]
[EventDate "2003.05.??"]
[EventType "swiss"]
[EventRounds "9"]
[EventCountry "POL"]
[SourceTitle "EXT 2005"]
[Source "ChessBase"]
[SourceDate "2004.11.15"]
[SourceVersion "1"]
[SourceVersionDate "2004.11.15"]
[SourceQuality "1"]

1. f4 d5 2. Nf3 Nc6 3. e3 Bg4 4. Bb5 Nf6 5. b3 e6 6. Bb2 Bd6 7. 0-0 0-0 8. Bxc6 bxc6 9. Qe1 Bxf3 10. Rxf3 c5 11. d3 1/2-1/2